<?xml version="1.0" encoding="UTF-8"?>
<record
    xmlns:xsi="http://www.w3.org/2001/XMLSchema-instance"
    xsi:schemaLocation="http://www.loc.gov/MARC21/slim http://www.loc.gov/standards/marcxml/schema/MARC21slim.xsd"
    xmlns="http://www.loc.gov/MARC21/slim">

  <leader>00933nam a22001817a 4500</leader>
  <controlfield tag="001">10105</controlfield>
  <controlfield tag="003">FISKH</controlfield>
  <controlfield tag="005">20260408160528.0</controlfield>
  <controlfield tag="008">260408b        cb ||||| |||| 00| 0 eng d</controlfield>
  <datafield tag="040" ind1=" " ind2=" ">
    <subfield code="a">FISKH</subfield>
    <subfield code="b">chi</subfield>
    <subfield code="c">FISKH</subfield>
    <subfield code="d">FISKH</subfield>
  </datafield>
  <datafield tag="082" ind1=" " ind2=" ">
    <subfield code="a">895.1</subfield>
  </datafield>
  <datafield tag="100" ind1=" " ind2=" ">
    <subfield code="a">&#x3010;&#x6CD5;&#x3011;&#x4E9A;&#x5386;&#x514B;&#x65AF;&#xB7;&#x56FA;&#x7D22;</subfield>
  </datafield>
  <datafield tag="245" ind1=" " ind2=" ">
    <subfield code="a"> &#x5C0F;&#x9F99;&#x67E5;&#x7406;&#x53BB;&#x4E0A;&#x5B66;  /</subfield>
    <subfield code="c">By &#x3010;&#x6CD5;&#x3011;&#x4E9A;&#x5386;&#x514B;&#x65AF;&#xB7;&#x56FA;&#x7D22;</subfield>
  </datafield>
  <datafield tag="300" ind1=" " ind2=" ">
    <subfield code="a">46 unnumbered pages : </subfield>
    <subfield code="b">color illustrations ; </subfield>
    <subfield code="c">38 cm . </subfield>
  </datafield>
  <datafield tag="520" ind1=" " ind2=" ">
    <subfield code="a">&#x300A;&#x5C0F;&#x9F99;&#x67E5;&#x7406;&#x53BB;&#x4E0A;&#x5B66;&#x300B;&#x8BB2;&#x8FF0;&#x4E86;&#x4E00;&#x53EA;&#x53EF;&#x7231;&#x7684;&#x5C0F;&#x9F99;&#x67E5;&#x7406;&#x7B2C;&#x4E00;&#x6B21;&#x53BB;&#x4E0A;&#x5B66;&#x7684;&#x6545;&#x4E8B;&#x3002;&#x67E5;&#x7406;&#x65E2;&#x5174;&#x594B;&#x53C8;&#x6709;&#x4E9B;&#x7D27;&#x5F20;&#xFF0C;&#x5728;&#x5B66;&#x6821;&#x91CC;&#x4ED6;&#x9047;&#x5230;&#x4E86;&#x65B0;&#x8001;&#x5E08;&#x548C;&#x540C;&#x5B66;&#xFF0C;&#x4E5F;&#x7ECF;&#x5386;&#x4E86;&#x4E00;&#x4E9B;&#x5C0F;&#x6311;&#x6218;&#x3002;&#x901A;&#x8FC7;&#x4E00;&#x5929;&#x7684;&#x5B66;&#x4E60;&#x4E0E;&#x4E92;&#x52A8;&#xFF0C;&#x4ED6;&#x9010;&#x6E10;&#x9002;&#x5E94;&#x4E86;&#x6821;&#x56ED;&#x751F;&#x6D3B;&#xFF0C;&#x5B66;&#x4F1A;&#x4E86;&#x4E0E;&#x4ED6;&#x4EBA;&#x76F8;&#x5904;&#xFF0C;&#x5E76;&#x52C7;&#x6562;&#x9762;&#x5BF9;&#x964C;&#x751F;&#x73AF;&#x5883;&#x3002;

&#x8FD9;&#x672C;&#x7ED8;&#x672C;&#x901A;&#x8FC7;&#x6E29;&#x6696;&#x6709;&#x8DA3;&#x7684;&#x6545;&#x4E8B;&#xFF0C;&#x5E2E;&#x52A9;&#x5B69;&#x5B50;&#x7F13;&#x89E3;&#x5165;&#x5B66;&#x7126;&#x8651;&#xFF0C;&#x57F9;&#x517B;&#x52C7;&#x6C14;&#x548C;&#x793E;&#x4EA4;&#x80FD;&#x529B;&#x3002;</subfield>
  </datafield>
  <datafield tag="942" ind1=" " ind2=" ">
    <subfield code="2">ddc</subfield>
    <subfield code="c">BOOK</subfield>
    <subfield code="n">0</subfield>
  </datafield>
  <datafield tag="999" ind1=" " ind2=" ">
    <subfield code="c">10105</subfield>
    <subfield code="d">10105</subfield>
  </datafield>
  <datafield tag="952" ind1=" " ind2=" ">
    <subfield code="0">0</subfield>
    <subfield code="1">0</subfield>
    <subfield code="2">ddc</subfield>
    <subfield code="4">0</subfield>
    <subfield code="7">0</subfield>
    <subfield code="8">REF</subfield>
    <subfield code="a">002</subfield>
    <subfield code="b">002</subfield>
    <subfield code="c">LSHTTP</subfield>
    <subfield code="d">2026-04-08</subfield>
    <subfield code="l">0</subfield>
    <subfield code="o">&#x3010;&#x6CD5;&#x3011;&#x4E9A;&#x5386;&#x514B;&#x65AF;&#xB7;&#x56FA;&#x7D22; 895.1</subfield>
    <subfield code="p">2026-0477</subfield>
    <subfield code="r">2026-04-08 16:05:24</subfield>
    <subfield code="w">2026-04-08</subfield>
    <subfield code="y">BOOK</subfield>
  </datafield>
</record>
